000 00486nam a2200181Ia 4500
005 20250508150254.0
008 008 250505s9999 xx 000 0 eng d
037 _aTextual
040 _aFEDL
_beng
_cFEDL
041 _aeng
_2eng
084 _a371.856, JEP
_qFEDL
100 _aJephcott A P
_9756290
245 0 _aGirls growing up
260 _aLondon, UK
_bFaber and Faber Limited
300 _a172p.
942 _cTEXL
_h371.856, JEP
999 _c1322763
_d1322763